000 00433nam a2200169Ia 4500
008 180921t1981 xxu||||| |||| 00| 0 eng d
041 _aeng
080 _a658.818
_b
100 _aSchonberger, Richard J.
245 _aOperations management
260 _bIRWIN
_aBoston
_c1981
300 _a925p., 26 cm
650 _aCustomer
_aProduction management
942 _cBK
999 _c15711
_d15711
003 LK-CoDNM
040 _aLK-CoDNM
_dLK-CoDNM
_eLK-CoDNM